Hacia un nuevo rǧimen jurd̕ico de las creaciones industriales

Bibliographic Details
Main Author: Barrero Rodrg̕uez, Enrique
Format: eBook
Language:Spanish
Published: Madrid: Marcial Pons, 2016
Subjects:
Online Access:Acceso restringido

MARC

LEADER 00000nam a22000007a 4500
005 20220307201052.0
007 cr|||| ||||
008 220307s2016 es |||||s|||| 00||0 spa d
020 |a 978-84-9123-400-5 
035 |a 33631 
040 |a vLex 
090 |c 13058  |d 13058 
100 1 |a Barrero Rodrg̕uez, Enrique 
245 1 0 |a Hacia un nuevo rǧimen jurd̕ico de las creaciones industriales  |h [Recurso electrn̤ico] /  |c Enrique Barrero Rodrg̕uez 
256 |a Servicio en ln̕ea 
260 |a Madrid:  |b Marcial Pons,  |c 2016 
300 |a 1 recurso electrn̤ico 
500 |a La normativa sobre las creaciones industriales constituye un elemento decisivo en la organizacin̤ de la economa̕, as ̕como un factor fundamental y absolutamente crucial para el impulso del desarrollo tecnolg̤ico. Durante algunas dčadas, la an︢ vigente Ley 11/1986, de 20 de marzo, de Patentes, ha cumplido satisfactoria y sl̤idamente este objetivo de constituir el marco legal de referencia de las creaciones industriales en Espaą. La Ley 24/2015, de 24 de julio, de Patentes, aprovecha la experiencia acumulada en la aplicacin̤ de la legislacin̤ vigente para adaptar la normativa sobre creaciones industriales (patentes y modelos de utilidad) a los cambios sustanciales producidos en la realidad y que hacen aconsejable la aprobacin̤ de una nueva Ley, en lugar de continuar con la tčnica de las reformas parciales y puntuales empleada hasta el momento. En la presente obra se exponen y analizan, con un enfoque general y esencialmente divulgativo, los cambios normativos que se producirǹ con la previsible entrada en vigor de dicha Ley. Ello se realiza desde un punto de vista fundamentalmente comparativo, dando cuenta de las novedades de la Ley 24/2015 en relacin̤ con la Ley 11/1986, tanto las menores o de simple matiz terminolg̤ico como las sustantivas y de mayor alcance. 
506 1 |a Disponible solo en los productos indicados  |d vLex Global  |d vLex Global (Academic Edition, excluding Law Schools)  |d vLex Global (U.S. Academic Edition, Law Schools)  |d vLex Global (U.S. Academic Edition, excluding Law Schools)  |d vLex Global (Academic Edition, Law Schools) 
650 0 4 |a Derecho Mercantil y de la Empresa  |z Espaą 
740 0 |a vLex Libros (Servicio en ln̕ea) 
856 4 0 |u https://app.vlex.com/#/sources/33631  |z Acceso restringido 
942 |c BOOK 
999 0 |a Commercial and Company Law